NFL Teams With Most Followers on X (Twitter) - Statistics

General Stats
  • This quiz has been taken 69 times
    38 since last reset
  • The average score is 9 of 11
Answer Stats
Number of Followers NFL Team % Correct
2.4M San Francisco 49ers
97%
2.6M Kansas City Chiefs
94%
4.4M Dallas Cowboys
91%
2.6M Green Bay Packers
88%
4.6M New England Patriots
82%
3.7M Pittsburgh Steelers
82%
2.7M Denver Broncos
79%
4.0M Philadelphia Eagles
76%
2.5M Seattle Seahawks
74%
2.4M Atlanta Falcons
62%
3.0M Carolina Panthers
50%
No matching quizzes found
Score Distribution
Percent of People with Each Score
Percentile by Number Answered
Your Score History
You have not taken this quiz since the last reset